000
00218 a2200097 4500
001
27632
100
_a
Sayyar digest
245
_a
Sayyar digest(Rasool Number I)
260
_a
_b
Sayyar digest
_c
090
_c
18397
_d
18397
942
_a
NUST-CAE
_c
M
_c
9332
999
_c
262705
_d
262705